Регионална библиотека "Любен Каравелов" - Русе

Славослов за Медвен (Запис номер 388358)

MARC детайли
000 -Лидер
Контролно поле с фиксирана дължина nkm a22 c 4500
003 - Код на организацията, давaща контролен номер
Контролно поле BLK
005 - Дата и час на последна редакция
Контролно поле 20200924115623.0
008 - Елементи от данни с фиксирана дължина
fixed length control field 180409b bul|||||r ||||||| ||bul||
040 ## - Източник на каталожния запис
Идентификатор на билиотеката - собственик на записа BLK
041 ## - Код за език
Код за езика на текст/звукозапис или на отделно заглавие Български
Код за езика КДБФ Български
041 ## - Код за език
Код за езика на текст/звукозапис или на отделно заглавие Руски
Код за езика КДБФ Български
041 ## - Код за език
Код за езика на текст/звукозапис или на отделно заглавие Английски
Код за езика КДБФ Български
041 ## - Код за език
Код за езика на текст/звукозапис или на отделно заглавие Немски
Код за езика КДБФ Български
041 ## - Код за език
Код за езика на текст/звукозапис или на отделно заглавие Френски
Код за езика КДБФ Български
080 ## - УДК
Текстов определител УДК Краезнание
УДК код - определител по УДК 908
УДК определител (497.23-21)(084.12)
УДК - код + определител 908(497.23-21)(084.12)
100 ## - Редна дума - Автор
R(LIN) 242488
Автор Чирпанлиев, Стефан Димов
Авторска отговорност първи автор
139 ## - Редно поле
Редна дума Чирпанлиев, Стефан Димов
Авторски знак Чир - Ч 84
245 10 - Сведения за заглавието
Заглавие Славослов за Медвен
Редно поле (дума) Авт.-състав. Стефан Димов Чирпанлиев; ред. Наталия Тодорова Стамболиева; прев. на рус. Наталия Дюлгерова; прев. на англ. Росица Сафирова; прев. на нем. Сирман Даракчиев; прев. на фр. Магдалена Мишева
Подзаглавни данни Албум
257 ## - Страна на издаване
Страна на създаване/издаване България
260 ## - Област на издателските данни
Име на издателя, разпространителя и проч. Септември
Година на издаване 1981
9 (RLIN) 210539
Място на издаване, разпространение и проч. София
Издателство - префикс ISBN 954-406-
300 ## - Физическа характеристика
Страници 1 албум (30 с.)
Илюстрации и др. с ил.
Размери/Мащаб 22Х23 см
380 ## - Жанр
Жанр География
500 ## - Общи забележки
Забележка Състав. посочени в библиогр. каре. - Парал. текст на рус., англ., нем., фр. ез. - 5 000 тир.
650 #0 - Допълнително описание по предмет – тема
Основно описание – тема или топоним Краезнание - България
9 (RLIN) 242494
651 #7 - Допълнително описание по предмет - топоним
9 (RLIN) 179202
Географско понятие Медвен
653 #0 - Ключова дума – ненормативна
Ключова дума снимкови албуми
9 (RLIN) 401783
700 ## - Други автори (авторска отговорност)
Лично име Стамболиева, Наталия Тодорова
Автороска отговорност (Описва отношението между автора и произведението) ред.
9 (RLIN) 327830
700 ## - Други автори (авторска отговорност)
Лично име Дюлгерова, Наталия
Автороска отговорност (Описва отношението между автора и произведението) прев. на рус.
9 (RLIN) 1007
700 ## - Други автори (авторска отговорност)
Лично име Сафирова, Росица
Автороска отговорност (Описва отношението между автора и произведението) прев. на англ.
9 (RLIN) 988
700 ## - Други автори (авторска отговорност)
Лично име Даракчиев, Сирман
Автороска отговорност (Описва отношението между автора и произведението) прев. на нем.
9 (RLIN) 999
700 ## - Други автори (авторска отговорност)
Лично име Мишева, Магдалена
Автороска отговорност (Описва отношението между автора и произведението) прев. на фр.
9 (RLIN) 1017
852 ## - Местоположение
Форматна сигнатура Цб 301727
Фондова буква Хранилище
999 ## - СИСТЕМНИ КОНТРОЛНИ НОМЕРА
Koha biblionumber 388358
Koha biblioitemnumber 388358
942 ## - АРТИКУЛИ
Вид на библиотечния материал Книги
Скрит в OPAC Не
Периодичен библиозапис Да
944 ## - СЪЗДАВАНЕ И РЕДАКЦИЯ на ЗАПИСА
Създаване/Редакция Създаване
Дата на регистрацията/редакция 2020-09-24
Служител, извършил регистрацията/редакцията С.Т.
999 ## - СИСТЕМНИ КОНТРОЛНИ НОМЕРА
Koha biblioitemnumber 388351
Наличности
Код за отписване Код за изгубен артикул Източник на класификационната схема Код за повреда Коз за рестрикции Код за отдаване Артикулен № Име на библиотеката - собственик Име на библиотеката, в която се намира в момента Статус (Текущо местоположение) Дата на вписване в системата Местоположение - отдел Цена в лева Инвентарен номер Систематично азбучна сигнатура Баркод Цена в евро Служебен тип на артикула
  Не е изгубен Universal Decimal Classification Не е повреден само за читалня ползва се в читалня 801193 Регионална библиотека "Любен Каравелов" Русе Регионална библиотека "Любен Каравелов" Русе Хранилище 2020-09-28 Хранилище 0.90 341090 Цб 301727 120000341090 0.46 Книги
Vip Innovations Ltd, Rousse, Bulgaria 2025